A Changing Landscape The Conservation Easement Reader /

Bibliographic Details
Main Author: Ristino, Laurie A.
Other Authors: Jay, Jessica E.
Format: eBook
Language:English
Published: Washington DC: Environmental Law Institute, 2016
Subjects:
Online Access:Acceso restringido

MARC

LEADER 00000nam a22000007a 4500
005 20220913234831.0
007 cr|||| ||||
008 220913s2016 us |||||s|||| 00||0 eng d
020 |a 978-1-58576-179-1 
035 |a 36348 
040 |a vLex 
090 |c 13898  |d 13898 
100 1 |a Ristino, Laurie A. 
245 1 1 |a A Changing Landscape  |h [Recurso electrn̤ico] :  |b The Conservation Easement Reader /  |c Laurie A. Ristino, Jessica E. Jay 
256 |a Servicio en ln̕ea 
260 |a Washington DC:  |b Environmental Law Institute,  |c 2016 
300 |a 1 recurso electrn̤ico 
500 |a Conservation easements are an essential tool for protecting the American landscape. Between 2000 and 2010, the number of acres protected by land trusts grew from 23 million acres to 47 million acres. Conservation easements used by federal, state, and local government easements would likely add several million additional acres to this total. Given their widespread use, ongoing innovations, and pressing environmental challenges, the time is ripe to provide a comprehensive review of conservation easements. A Changing Landscape: The Conservation Easement Reader does just that, offering conservationists, academics, government officials, and others a nuanced, multifaceted resource. Featuring excerpts of leading articles and reports in law and in the natural and social sciences, The Conservation Reader illuminates various aspects of conservation easements. The book opens with background concepts in real property law, a history of the legal development and use of conservation easements, and examples of how these tools are used to achieve various environmental, conservation, and business goals. The Conservation Reader also examines the limitations and critiques of conservation easements, their tax treatment, and how they can be used in strategic resources planning and protection. The book closes with a forward-looking discussion of the evolving use of conservation easements in other countries, touching upon the promise and challenge of adapting this instrument internationally. Throughout, The Conservation Reader arms readers with the information they need in determining when and how the use of conservation easements is appropriate to achieve their strategic conservation goals. 
506 1 |a Disponible solo en los productos indicados  |d vLex Global  |d vLex Global (Academic Edition, excluding Law Schools)  |d vLex Global (Academic Edition, Law Schools) 
650 0 4 |a Derecho del Medio Ambiente  |z Estados Unidos 
700 1 |a Jay, Jessica E. 
740 0 |a vLex Libros (Servicio en ln̕ea) 
856 4 0 |u https://app.vlex.com/#/sources/36348  |z Acceso restringido 
942 |c BOOK 
999 0 |a Environmental Law